Clasificaciones de Croacia en la Eurocopa - Estadísticas

Estadísticas generales
  • Esta prueba ha sido intentada 11 veces
  • La puntuación promedio es 3 de 7
Estadísticas de respuestas
Hint Respuesta % Correcto
2024 Fase de grupos
64%
2008 Cuartos de final
55%
2012 Fase de grupos
55%
2004 Fase de grupos
45%
2016 Octavos de final
45%
2020 Octavos de final
45%
1996 Cuartos de final
36%
No se encontraron pruebas coincidentes
Distribución de puntuación
Porcentaje de gente con cada puntuación
Porcentaje por número respondido
Historial de tus puntuaciones
No has intentado esta prueba.